[Event "Santiago U2200 op 3er"]
[Site "Santiago de Chile"]
[Date "2016.08.14"]
[Round "5.1"]
[White "Sariego Garcia, Manuel"]
[Black "Torres Sarmiento, Juan Antonio"]
[Result "0-1"]
[WhiteElo "1529"]
[BlackElo "1855"]
[PlyCount "60"]
[EventDate "2016.08.13"]
[EventType "swiss"]
[EventRounds "5"]
[EventCountry "CHI"]
[SourceTitle "EXT 2024"]
[Source "ChessBase"]
[SourceDate "2023.10.10"]
[SourceVersion "1"]
[SourceVersionDate "2023.10.10"]
[SourceQuality "1"]

1. e4 c5 2. f4 e5 3. f5 Qh4+ 4. Ke2 Qxe4+ 5. Kf2 Qxf5+ 6. Nf3 e4 7. Qe2 Be7 8. g4 Qxf3+ 9. Qxf3 exf3 10. Kxf3 b6 11. Rg1 Bb7+ 12. Kg3 Nf6 13. d3 Bd6+ 14. Bf4 Bxf4+ 15. Kxf4 0-0 16. Nc3 Nd5+ 17. Nxd5 Bxd5 18. Re1 Nc6 19. c4 Be6 20. Bg2 Rac8 21. h4 Nb4 22. Be4 Nc2 23. Re2 Nd4 24. Reg2 Kh8 25. h5 f5 26. gxf5 Nxf5 27. Bxf5 Bxf5 28. Rxg7 Bg6+ 29. Kg5 Kxg7 30. hxg6 hxg6 0-1